000 00311nam a22001337a 4500
008 170328b xxu||||| |||| 00| 0 eng d
020 _a9781401872083
041 _aeng
080 _23 ED
_a615.83
100 _a8
101 _aSHM
245 _aHEALTH ASSESSMENT PHYSICAL EXAMINATION
_cELLEN.M
942 _2udc
_cBK
999 _c8769
_d8769